[Event "36th Zalakaros Festival 2017"]
[Site "Zalakaros"]
[Date "2017.05.19"]
[Round "2"]
[White "Aleksandrov, Aleksej"]
[Black "Ikeda, Junta"]
[Result "1/2-1/2"]
[WhiteElo "2559"]
[BlackElo "2412"]
[Annotator "TA"]
[PlyCount "91"]
[EventDate "2017.??.??"]
[EventType "swiss"]
[EventCountry "HUN"]
[SourceTitle "playchess.com"]
[Source "ChessBase"]
[SourceQuality "1"]

{[%evp 16,91,0,-19,6,0,17,23,25,0,0,-10,7,9,0,-5,12,-1,0,-2,0,-10,-8,0,11,7,11,4,0,-7,5,-43,2,1,13,0,4,6,5,-56,-49,-12,-8,-139,-147,-136,-142,-137,-157,-174,-101,-107,0,-73,-81,-87,-79,-159,-87,-83,-54,-67,-37,-53,-18,-31,0,0,0,-19,0,-1,0,0,4,2,18,18]} 1. d4 Nf6 2. c4 e6 3. Nc3 Bb4 4. Qc2 d5 5. cxd5 Qxd5 6. Nf3 Qf5 7. Qxf5 exf5 8. Bd2 c6 {E34: Nimzo-Indian: Classical: 4...d5} (8... Be6 9. e3 c6 10. Ng5 Nbd7 11. Nxe6 fxe6 12. Be2 Ke7 13. a3 Bd6 14. O-O Rhd8 15. Rfd1 a6 16. Be1 {½-½ (25) Lenic,L (2653)-Hracek,Z (2646) Bol 2014}) 9. e3 {LiveBook: 31 Games} (9. a3 $5 {[%cal Ra3b4]} Bd6 10. Bg5 $11) 9... h6 10. Bd3 Be6 11. O-O Be7 12. Rfd1 $146 ({Predecessor:} 12. Rfc1 Nbd7 13. Na4 a5 14. Be1 Nd5 15. a3 O-O 16. Nc3 {½-½ (29) Wolkowski,B-Sielecki,C (2365) Germany 1997}) 12... Nbd7 13. Be1 (13. d5 $5 {[%cal Rd5e6]} Nc5 14. dxe6 Nxd3 15. Bc1 Nxc1 16. exf7+ (16. Raxc1 fxe6 17. Ne2 Rd8 $11) 16... Kxf7 17. Raxc1 $11) 13... Nb6 14. Nd2 {[%cal Bf3d2,Bd2b3,Bb3a5][%mdl 32]} O-O 15. Nb3 Rfd8 (15... Bxb3 $5 16. axb3 g6 $11) 16. Na5 Rd7 17. a3 g6 18. b4 Nfd5 19. Ne2 Bd6 20. Rdc1 Re7 21. Rc2 Rae8 22. Bd2 Bc8 23. Kf1 h5 24. h4 Nf6 25. a4 Ne4 26. Be1 Nd5 27. Rb2 (27. b5 $11) 27... f4 $1 $15 {[%cal Rf4e3]} 28. Nc4 Bc7 $36 {[%mdl 2048] White is under pressure.} 29. f3 {[#]} (29. Bxe4 $11 Rxe4 30. Nd2) 29... Nd6 $1 $17 {[%cal Rd6c4] aiming for ...Nxc4.} 30. Nxd6 Nxe3+ ({Stronger than} 30... Bxd6 31. e4 $16) 31. Kg1 Bxd6 32. Bf2 Nf5 ({Black should play} 32... Rd8 $19 33. Rb3 Bf5 34. Bxf5 Nxf5) 33. b5 f6 (33... Ne3 $17 {White must now prevent ...Kg7.} 34. bxc6 bxc6) 34. a5 (34. bxc6 $1 $11 bxc6 35. Rc2) 34... cxb5 35. Bxb5 Rd8 36. a6 {[#]} ({Better is} 36. Bd3) 36... bxa6 (36... b6 $142 $1 37. Nc3 Bb8 38. Bc4+ Be6 39. Bxe6+ Rxe6) 37. Bxa6 Be6 38. Nc3 Bf7 39. Bd3 Ng3 40. Ne4 Kg7 41. Nxd6 {The position is equal.} Rxd6 42. Rb5 Be6 (42... a6 $5 {[%cal Ra6b5]} 43. Rb2 Rc6 $15) 43. Rba5 Rdd7 44. Kh2 Nf5 45. d5 {Hoping for Bc5.} Rxd5 46. Rxd5 {Precision: White = 48%, Black = 38%.} 1/2-1/2

[Event "36th Zalakaros Festival 2017"]
[Site "Zalakaros"]
[Date "2017.05.19"]
[Round "2"]
[White "Danin, Alexandre"]
[Black "Kozak, Adam"]
[Result "1-0"]
[WhiteElo "2543"]
[BlackElo "2411"]
[Annotator "TA"]
[PlyCount "93"]
[EventDate "2017.??.??"]
[EventType "swiss"]
[EventCountry "HUN"]
[SourceTitle "playchess.com"]
[Source "ChessBase"]
[SourceQuality "1"]

{[%evp 12,93,8,0,0,0,-5,0,-2,-3,0,-13,-15,-6,-7,-15,16,21,36,10,15,22,15,0,6,-3,28,26,24,0,0,0,0,0,0,8,32,0,12,5,18,0,36,25,21,14,36,34,29,51,36,5,17,0,0,0,0,0,507,502,491,485,435,312,318,273,262,264,355,152,603,605,589,544,566,552,573,554,664,650,642,642,630,579]} 1. c4 c5 2. Nf3 Nc6 3. Nc3 g6 4. e3 Nf6 5. d4 cxd4 6. exd4 d5 7. Bg5 Be6 {A35: Symmetrical English: 2 Nc3 Nc6 3 Nf3} 8. Qb3 {Black must now prevent cxd5.} (8. Bxf6 exf6 9. c5 Bg7 10. Bb5 O-O 11. O-O g5 12. Ne2 a6 13. Bxc6 bxc6 14. Ng3 a5 15. h3 Rb8 16. b3 Rb4 17. Ne1 {½-½ (36) Rakhmanov,A (2641)-Alekseev,E (2636) St Petersburg 2016}) 8... Na5 9. Qa3 Bg7 {The position is equal.} 10. cxd5 Bxd5 11. Bb5+ Nc6 12. Nxd5 Qxd5 13. Bxc6+ bxc6 $146 ({Predecessor:} 13... Qxc6 14. O-O Qd6 15. Qa4+ {0-1 (54) Redmond,J (2261)-Adair,J (2420) England 2014}) 14. O-O Qd6 15. Qa6 O-O 16. Rac1 Rfc8 17. Bxf6 Bxf6 18. Rc4 Rab8 19. Rfc1 Qd7 20. b4 Rb6 21. Qa4 Kg7 22. h3 Rc7 23. a3 Qd6 24. Kf1 h6 25. Kg1 h5 26. h4 Kg8 27. g3 Kg7 28. Kg2 Kg8 29. R1c3 Kg7 30. Qc2 Qd8 31. Qe4 a5 32. Ne5 axb4 33. axb4 {[%cal Re5c6]} Bxe5 $1 34. dxe5 {[%cal Rc4c6,Bd4e5,Be5e6][%mdl 32]} Qd7 $2 {[%mdl 8192] [#]} (34... e6 $11) 35. e6 $1 $18 {[%cal Re6d7][%mdl 512]} Qd6 (35... Qxe6 36. Qd4+) 36. exf7 e5 37. Rd3 Qe6 38. Rc5 Rxf7 39. Rxe5 Qf6 {[#]} 40. f4 $40 {[%mdl 128] White wants a kill.} (40. Qe3 $1 $18 {and the rest is easy. Threatens to win with Re6.} Rxb4 41. Re6) 40... Ra6 $2 (40... Rb5 $16 41. Rxb5 cxb5) 41. Re6 {White is clearly winning.} Qf5 42. Qxf5 gxf5 43. Rdd6 Ra2+ 44. Kh3 Rb2 45. Rg6+ Kf8 46. Rxc6 Rxb4 47. Rc5 {Precision: White = 47%, Black = 54%.} 1-0

[Event "36th Zalakaros Festival 2017"]
[Site "Zalakaros"]
[Date "2017.05.19"]
[Round "2"]
[White "Mihok, Oliver"]
[Black "Manea, Alexandru"]
[Result "1/2-1/2"]
[WhiteElo "2532"]
[BlackElo "2410"]
[Annotator "TA"]
[PlyCount "67"]
[EventDate "2017.??.??"]
[EventType "swiss"]
[EventCountry "HUN"]
[SourceTitle "playchess.com"]
[Source "ChessBase"]
[SourceQuality "1"]

{[%evp 15,67,12,24,11,37,0,0,0,6,6,15,13,13,17,13,0,0,0,0,0,10,13,5,-7,10,1,12,6,18,14,43,35,44,13,14,6,12,4,4,0,0,0,0,0,0,0,0,0,2,0,0,0,0,0]} 1. e4 e6 2. d4 d5 3. Nc3 Nf6 4. Bg5 dxe4 {[#]} 5. Nxe4 $1 {[%mdl 512]} Nbd7 (5... Nxe4 6. Bxd8) 6. Nf3 h6 7. Nxf6+ Nxf6 8. Bh4 c5 9. Bd3 {C10: French with 3 Nc3: Unusual Black 3rd moves and 3...dxe4} Bd7 10. O-O cxd4 11. Nxd4 Bc5 12. Nf3 Qc7 13. Bg3 $146 ({Predecessor:} 13. Qe2 Bd6 14. Bg3 Bxg3 {½-½ (14) Horvath,A (2504)-Huzman,A (2571) Panormo 2001}) 13... Bd6 14. Bxd6 Qxd6 15. Re1 Qb6 16. Ne5 O-O 17. b3 Bb5 (17... Bc6 $5) 18. c4 Bc6 19. Qe2 a5 20. Bc2 Rad8 21. Rad1 Qc5 22. h4 Qb6 (22... Rd4 {is more complex.} 23. Rxd4 Qxd4 24. g3 Rd8 25. Rd1 Qb6) 23. Rxd8 Qxd8 24. Nxc6 (24. Qe3 {seems wilder.} Qe7 25. Re2 Ra8 26. Rd2 Be8 27. g4) 24... bxc6 {The position is equal.} 25. Rd1 Qc7 26. Qd3 Rc8 27. g3 Kf8 28. Qe3 Ke8 29. Be4 c5 30. Bf3 Rd8 31. Rxd8+ Kxd8 32. g4 {next g5 is good for White.} Ke7 33. g5 hxg5 34. Qxg5 {Precision: White = 51%, Black = 60%.} 1/2-1/2

[Event "36th Zalakaros Festival 2017"]
[Site "Zalakaros"]
[Date "2017.05.19"]
[Round "2"]
[White "Horvath, Jozsef"]
[Black "Cuhendi, Sean Winshand"]
[Result "1/2-1/2"]
[WhiteElo "2526"]
[BlackElo "2407"]
[Annotator "TA"]
[PlyCount "43"]
[EventDate "2017.??.??"]
[EventType "swiss"]
[EventCountry "HUN"]
[SourceTitle "playchess.com"]
[Source "ChessBase"]
[SourceQuality "1"]

{[%evp 10,43,68,65,93,80,83,80,57,60,54,44,50,50,49,43,63,62,63,52,44,35,48,47,43,22,42,-24,-16,-46,-47,-43,-37,-29,-35,-39]} 1. e4 b6 2. d4 Bb7 3. Bd3 Nf6 4. Qe2 Nc6 5. c3 e5 6. Nf3 {LiveBook: 88 Games. B00: Queen's Fianchetto Defence, Nimzowitsch Defence} (6. d5 Ne7 7. f4 exf4 8. c4 d6 9. Bxf4 Ng6 10. Bg3 Be7 11. Nc3 O-O 12. Nh3 Nd7 13. O-O Bf6 {0-1 (39) Burke,J (2588)-Ivanov,A (2515) Bethesda 2015}) 6... exd4 7. e5 Nd5 {[%cal Bf6d5,Bd5e7,Be7g6][%mdl 32]} 8. Be4 {White is better.} Nde7 9. cxd4 {Threatens to win with d5.} d5 10. Bc2 $146 (10. exd6 $5 Qxd6 11. Nc3 $16) ({Predecessor:} 10. exd6 Qxd6 11. O-O O-O-O 12. Nc3 f5 13. Nb5 Qd7 14. Bxc6 Nxc6 {1-0 (56) Lim,Y (2202)-Glinert,S (2351) Goa 2002}) 10... Nb4 11. Ba4+ $1 c6 12. Qd2 $1 {[%cal Rd2b4]} Ng6 13. a3 Na6 14. Nc3 {[%cal Bb1c3,Bc3e2,Be2g3,Bg3f5][%mdl 32]} Be7 15. Bc2 Qd7 16. Ne2 Nc7 17. Ng3 Ba6 18. Bd3 (18. Nf5 $14) 18... c5 $11 19. Nf5 Bxd3 20. Qxd3 Ne6 21. O-O O-O 22. Re1 {Precision: White = 56%, Black = 69%.} 1/2-1/2

[Event "36th Zalakaros Festival 2017"]
[Site "Zalakaros"]
[Date "2017.05.19"]
[Round "2"]
[White "Antal, Gergely"]
[Black "Arman, Deniz"]
[Result "1-0"]
[WhiteElo "2517"]
[BlackElo "2377"]
[Annotator "TA"]
[PlyCount "69"]
[EventDate "2017.??.??"]
[EventType "swiss"]
[EventCountry "HUN"]
[SourceTitle "playchess.com"]
[Source "ChessBase"]
[SourceQuality "1"]

{[%evp 13,69,37,60,61,51,51,69,54,78,77,102,105,102,81,116,102,118,110,172,158,145,155,174,160,111,118,381,155,153,152,143,154,366,368,502,150,397,394,469,491,511,506,654,646,677,683,670,670,672,638,787,775,667,668,658,639,776,776]} 1. e4 d5 2. exd5 Qxd5 3. Nc3 Qa5 4. g3 Nf6 5. Bg2 Bg4 6. Nge2 {B01: Scandinavian Defence} Nc6 7. h3 Bh5 {LiveBook: 5 Games} 8. O-O {White is slightly better.} e5 9. d3 O-O-O (9... Bb4 10. g4 Bg6 11. g5 Bxc3 12. Nxc3 Bh5 13. Qe1 Nd7 {1-0 (42) Drazic,S (2532)-Sanchez,J (2541) Acqui Terme 2012}) 10. a3 Qa6 11. Be3 Nd4 12. g4 {[%cal Bg3g4,Bg4g5][%mdl 32]} Bg6 13. b4 {[%cal Bb2b4,Bb4b5][%mdl 32]} h5 $146 ({Predecessor:} 13... Be7) 14. g5 Nh7 15. b5 Qa5 (15... Qe6 $16 {might work better.}) 16. Bd2 $1 $18 Nf5 17. Nd5 $1 Qa4 18. Nec3 $1 {[%cal Rc3a4]} Qh4 19. Qf3 $1 {Hoping for Nb6+.} Kb8 $2 {[%mdl 8192] [#]} (19... Nd4 $16 20. Ne7+ Bxe7 21. Qxb7+ Kd7) 20. Nf4 (20. Nxc7 $1 $18 {[%csl Gg2][%cal Rf3b7][%mdl 512] is the precise move to win.} e4 (20... Kxc7 21. b6+) 21. Na6+ $1 {[%mdl 512]} (21. dxe4 Nd4 $16) 21... Ka8 22. Nxe4) 20... Nd6 $16 21. Nxg6 fxg6 22. Ne4 $40 {[%mdl 128] White goes for the king.} Rd7 $2 {[#]} (22... Nxe4 $16 {was called for.} 23. Qxe4 Qxe4 24. Bxe4 Bc5 25. Bxg6 Nf8) 23. Nc5 $1 $18 {[%cal Rc5d7]} Re7 24. Qg3 $2 (24. Nxb7 $18 {is more deadly.} e4 25. dxe4 Qxe4 26. Qc3) 24... Qd4 $2 (24... Nf5 $16 25. Qf3 (25. Qxh4 Nxh4 26. Be4 b6 $16) 25... Nd6 26. Nxb7 e4 27. dxe4 Qxe4) 25. Be3 Qc3 26. Qf3 {White is clearly winning.} e4 27. Nxe4 Qa5 28. Nc5 Rf7 29. Nxb7 Rxf3 30. Nxa5 Rxe3 31. fxe3 Nxg5 32. Nc6+ Kc8 33. h4 Ngf7 34. c4 {[%cal Bc2c4,Bc4c5][%mdl 32]} g5 35. c5 {Precision: White = 65%, Black = 34%.} 1-0

[Event "36th Zalakaros Festival 2017"]
[Site "Zalakaros"]
[Date "2017.05.19"]
[Round "2"]
[White "Studer, Noel"]
[Black "Injac, Teodora"]
[Result "1-0"]
[WhiteElo "2498"]
[BlackElo "2296"]
[Annotator "TA"]
[PlyCount "79"]
[EventDate "2017.??.??"]
[EventType "swiss"]
[EventCountry "HUN"]
[SourceTitle "playchess.com"]
[Source "ChessBase"]
[SourceQuality "1"]

{[%evp 15,79,29,63,57,87,83,95,83,74,0,11,-32,-38,-41,-32,-37,-8,-75,-42,-55,0,-1,26,31,17,27,18,0,118,129,128,128,120,106,118,107,155,169,155,112,164,86,87,79,90,88,150,129,182,149,179,138,235,175,260,242,310,301,500,475,792,770,754,743,29993,29994]} 1. d4 Nf6 2. c4 g6 3. Nc3 Bg7 4. e4 d6 5. Nf3 O-O 6. Be2 Nbd7 7. O-O e5 8. Qc2 Nh5 9. Bg5 {E94: King's Indian: Classical: 6 Be2 e5 7 0-0: Various Black 7th moves} f6 10. Be3 Nf4 11. Bxf4 {White is better.} exf4 12. c5 $146 ({Better is} 12. b4 $16) ({Predecessor:} 12. Rad1 Kh8 13. h3 c6 14. Rfe1 a5 15. Nh2 g5 16. Qc1 a4 {½-½ (47) Buhmann,R (2615)-Nevednichy,V (2557) Medias 2015}) 12... dxc5 $11 13. Nd5 g5 14. dxc5 c6 15. Nb4 Qe7 (15... Kh8 $5 {[%cal Rf6f5]}) 16. Rac1 (16. Nd3 $11 {remains equal.}) 16... Kh8 (16... f5 $5 17. exf5 Ne5 $11) 17. Nd4 a5 (17... Ne5 $1 $15) 18. Nf5 $36 {[%mdl 2048] White is pushing.} Qe5 (18... Qxc5 $5 19. Qxc5 Nxc5 20. Nxc6 Nxe4 21. Nxg7 bxc6 $11) 19. Nd3 Qxe4 20. Nd6 Qg6 21. Qb3 Nb8 (21... Ne5 $11 {keeps the balance.}) 22. Nxc8 $16 Rxc8 23. Qxb7 Na6 24. Nxf4 gxf4 25. Bxa6 {Qd7 is the strong threat.} f3 {[%csl Gf3][%cal Rg6g2] [#]} 26. g3 {[%cal Bg2g3,Bg3g4][%mdl 32]} f5 27. Rfd1 f4 (27... Qh6 $16 28. Bf1 f4) 28. Qd7 (28. Qxc8+ $18 Rxc8 29. Bxc8) 28... Rf8 29. Bd3 Qg5 30. Qh3 {[%csl Gd3][%cal Rh3h7]} ({Reject} 30. Qxc6 $6 fxg3 31. fxg3 (31. hxg3 $2 Bd4 $19) 31... Qe3+ 32. Kh1 Rae8 $11) 30... h6 {[#]} (30... h5 $142) 31. g4 $1 Bxb2 (31... h5 $16) 32. Rc2 ({Not} 32. Qxf3 Bxc1 33. Rxc1 Rad8 $11) 32... Bf6 33. Qxf3 {aiming for h3.} Rae8 (33... Rad8 $16 {is a better defense.} 34. Rcc1 h5) 34. Rc4 Bg7 (34... Rd8 {might work better.} 35. Rxf4 Qd5) 35. h3 Re5 36. Qxc6 Rd8 $2 (36... f3 {was worth a try.} 37. Qg6 Qxg6 38. Bxg6 Re7) 37. Qf3 $18 {Black must now prevent c6.} Rxc5 (37... Re7 $142 38. c6 Be5) 38. Rxc5 Qxc5 39. Qe4 {[%csl Gd3][%cal Re4h7]} Kg8 40. Bc4+ {Precision: White = 62%, Black = 33%.} 1-0

[Event "36th Zalakaros Festival 2017"]
[Site "Zalakaros"]
[Date "2017.05.19"]
[Round "2"]
[White "Chernyshov, Konstantin"]
[Black "Li, Bo"]
[Result "1-0"]
[WhiteElo "2485"]
[BlackElo "2359"]
[Annotator "TA"]
[PlyCount "91"]
[EventDate "2017.??.??"]
[EventType "swiss"]
[EventCountry "HUN"]
[SourceTitle "playchess.com"]
[Source "ChessBase"]
[SourceQuality "1"]

{[%evp 15,91,26,29,23,37,35,57,51,45,48,75,77,87,79,100,34,82,69,83,69,60,46,33,29,47,32,31,10,58,56,76,5,9,6,15,0,0,0,32,32,41,37,147,144,133,145,137,144,139,135,163,163,154,122,181,195,399,377,380,141,289,296,474,473,545,549,754,752,1368,1662,2504,2110,5712,4886,29987,29988,29997,29998]} 1. d4 Nf6 2. Nf3 g6 3. g3 Bg7 4. Bg2 O-O 5. O-O d5 6. c4 c6 7. b3 Bf5 8. Bb2 Nbd7 9. e3 {D78: Fianchetto Grünfeld: 6 0-0 c6} Nb6 (9... dxc4 10. bxc4 e5 11. Nc3 Re8 12. h3 exd4 13. Nxd4 Ne5 14. Nxf5 Qxd1 15. Nxd1 gxf5 16. Bxe5 Rxe5 {1-0 (34) Vachier Lagrave,M (2789)-Kramnik,V (2812) Paris 2016}) 10. Nbd2 $146 ({Predecessor:} 10. cxd5 cxd5 11. Nc3 Ne4 12. Ne5 Rc8 13. Rc1 Nd7 14. Nxe4 Rxc1 15. Qxc1 Nxe5 16. dxe5 dxe4 {1-0 (52) Matlakov,M (2682)-Hovhannisyan,R (2636) Moscow 2016}) 10... Bd3 11. Re1 {White is slightly better.} dxc4 12. Ne5 {[%cal Rb3c4]} c3 13. Bxc3 Ba6 14. Ba5 Qd6 15. Qc1 (15. a4 $16) 15... Nbd7 16. Nec4 Qb8 17. e4 e5 18. d5 cxd5 19. exd5 b5 20. Ne3 Rc8 21. Qa3 Bf8 22. Bb4 Qb6 23. Bh3 (23. Bxf8 $16 Rxf8 24. b4) 23... Bb7 $11 24. Rad1 $36 {[%mdl 2048] White is more active.} Rd8 25. Nf3 e4 26. Bxd7 {[#] Strongly threatening Bxf8.} Rxd7 27. Ne5 Bxb4 28. Qxb4 Qd6 (28... Rd6 $1 $14) 29. Qd4 $16 Re7 30. N5g4 Kg7 31. Nxf6 Qxf6 32. Qc5 {Threatens to win with Ng4.} Rd7 33. Qxb5 Rad8 34. Qc5 Ba6 (34... h5 $16 35. Rd4 Qd6) 35. Ng4 $18 Qf5 $2 {[#]} (35... Qb2 36. Rb1 Qd2) 36. Qd4+ f6 37. Ne3 $2 (37. Rxe4 $18 Bb7 38. Ne3) 37... Qf3 (37... Qe5 $16 {is a better defense.} 38. Qxe5 fxe5) 38. Rc1 Bd3 $2 (38... Bb7 {was worth a try.} 39. Rc5 Rf7) 39. Rc6 Bb5 40. Rc5 Bd3 41. Rec1 g5 42. Rc7 Kg6 43. Qxa7 Bb5 44. a4 Rxc7 45. Rxc7 Rxd5 46. Rg7+ {Precision: White = 62%, Black = 25%.} 1-0

[Event "36th Zalakaros Festival 2017"]
[Site "Zalakaros"]
[Date "2017.05.19"]
[Round "2"]
[White "Kantor, Gergely"]
[Black "Rahul Srivatshav P"]
[Result "1/2-1/2"]
[WhiteElo "2481"]
[BlackElo "2303"]
[Annotator "TA"]
[PlyCount "49"]
[EventDate "2017.??.??"]
[EventType "swiss"]
[EventCountry "HUN"]
[SourceTitle "playchess.com"]
[Source "ChessBase"]
[SourceQuality "1"]

{[%evp 10,49,46,35,33,20,20,20,20,16,27,0,0,0,0,0,33,33,99,97,92,94,103,89,106,112,109,108,108,108,103,95,120,111,110,36,36,43,44,0,0,-21]} 1. d4 Nf6 2. c4 g6 3. f3 Bg7 4. e4 d6 5. Ne2 O-O 6. Be3 c5 {E60: King's Indian: Unusual lines and Fianchetto Variation without Nc3} 7. Qd2 Nc6 8. d5 Ne5 9. Nec3 e6 (9... Nh5 10. Be2 f5 11. Na3 f4 12. Bf2 Bd7 13. Nc2 a6 14. a4 {½-½ (54) Caruana,F (2811)-Bacrot,E (2711) Baden-Baden 2015}) 10. Be2 exd5 11. cxd5 a6 12. a4 Bd7 $146 ({Predecessor:} 12... Ne8 13. O-O f5 14. exf5 gxf5 {½-½ (36) Barrish,D (2252)-Amonatov,F (2632) Johannesburg 2017}) 13. O-O b5 (13... Nh5 $14) 14. axb5 $16 axb5 15. Rxa8 Qxa8 16. Nxb5 Bxb5 17. Bxb5 Rb8 18. Na3 Ne8 {[#]} 19. Rb1 $1 Nc7 20. Be2 Rb3 21. Bf4 Qb8 {Threatens to win with ...Rxa3!} 22. Nc4 (22. Qc2 $16) 22... Nxc4 $14 23. Bxc4 Rb4 24. Bf1 Ne8 25. Kh1 {Precision: White = 71%, Black = 72%.} 1/2-1/2

[Event "36th Zalakaros Festival 2017"]
[Site "Zalakaros"]
[Date "2017.05.19"]
[Round "2"]
[White "Praggnanandhaa R"]
[Black "Krykun, Yuriy"]
[Result "1-0"]
[WhiteElo "2471"]
[BlackElo "2308"]
[Annotator "TA"]
[PlyCount "69"]
[EventDate "2017.??.??"]
[EventType "swiss"]
[EventCountry "HUN"]
[SourceTitle "playchess.com"]
[Source "ChessBase"]
[SourceQuality "1"]

{[%evp 9,69,0,10,-17,40,29,42,14,55,53,54,33,33,45,76,70,115,110,150,148,181,62,77,49,95,98,112,112,215,214,214,195,602,602,597,586,589,586,1070,1019,925,758,758,758,751,751,747,701,791,799,791,789,764,754,844,841,830,812,825,609,801,796]} 1. Nf3 d5 2. g3 g6 3. c4 c6 4. Qa4 dxc4 5. Qxc4 Bg7 6. Bg2 {A11: English Opening: 1...c6} (6. d4 Be6 7. Qa4 Bd5 8. Nbd2 Nf6 9. Qc2 Qa5 10. Bg2 c5 11. O-O cxd4 12. Qc8+ {½-½ (88) Yu,Y (2750)-Ding,L (2759) Shenzhen 2017}) 6... Nf6 (6... e5 $11) 7. O-O $14 O-O 8. d3 {White is slightly better.} b5 9. Qh4 $146 ({Predecessor:} 9. Qc2 Bb7 10. Nbd2 Nbd7 11. b3 c5 12. Bb2 Qb6 13. Rac1 Rac8 {0-1 (47) Arnaudov,P (2459)-Ozturk,K (2288) Skopje 2014}) 9... Bb7 10. Nc3 Nbd7 11. Bh6 Bxh6 12. Qxh6 b4 13. Ne4 c5 14. Nfg5 Bxe4 15. Bxe4 ({Don't do} 15. Nxe4 $6 Nxe4 16. Bxe4 Rb8 $14) (15. dxe4 $18 e5 16. f4) 15... Rc8 {[#]} 16. f4 $1 {[%cal Rf4f5]} Re8 {[#]} 17. f5 $1 {[%cal Rf5g6]} Nf8 18. e3 {Hoping for fxg6.} c4 (18... Ng4 $16 19. Qh3 Ne5) 19. fxg6 $18 fxg6 20. dxc4 $40 {[%mdl 128] White is out for blood.} Rxc4 $2 (20... e6 21. b3 Rc5) 21. Rad1 {White is clearly winning.} Qxd1 22. Rxd1 Nxe4 23. b3 Nc3 24. Rf1 {Intending Rxf8+! and mate.} Ne2+ 25. Kh1 {White wants to mate with Rxf8+!} Rc1 26. Rxc1 Nxc1 27. Qh4 Rc8 28. Qxb4 Nd3 29. Qxe7 Rc1+ 30. Kg2 Rc2+ 31. Kf3 {Threatening mate with Qf7+.} Ne1+ 32. Ke4 {White threatens Qf7+ and mate.} Rf2 33. b4 Rf5 34. Ne6 {[%csl Ge6][%cal Re7g7]} Rf7 35. Qd8 {Precision: White = 67%, Black = 33%.} 1-0

[Event "36th Zalakaros Festival 2017"]
[Site "Zalakaros"]
[Date "2017.05.19"]
[Round "2"]
[White "Jarmula, Lukasz"]
[Black "Pacan-Milej, Kosma"]
[Result "1/2-1/2"]
[WhiteElo "2469"]
[BlackElo "2317"]
[Annotator "TA"]
[PlyCount "149"]
[EventDate "2017.??.??"]
[EventType "swiss"]
[EventCountry "HUN"]
[SourceTitle "playchess.com"]
[Source "ChessBase"]
[SourceQuality "1"]

{[%evp 18,149,40,41,41,27,41,40,42,40,31,26,36,19,19,19,6,-20,-15,-22,-41,-25,-31,-30,-22,-30,-32,-49,-47,-47,-39,-45,-48,-46,-49,-43,-45,-87,-70,-78,-22,-22,57,57,57,0,0,0,57,57,57,57,57,57,57,57,57,57,57,57,57,0,57,57,57,0,57,0,57,11,57,57,57,0,57,57,57,0,57,0,0,0,0,0,0,0,0,0,72,0,0,0,0,0,48,0,72,0,88,0,0,0,72,0,0,0,72,0,0,1,47,63,82,0,10,0,22,0,0,0,0,0,0,0,0,0,0,0,0,0,0,0,0,0]} 1. d4 d5 2. c4 c6 3. Nc3 Nf6 4. e3 a6 5. Nf3 b5 6. c5 {D15: Slav Defence: 4 Nc3 a6 and gambit lines after 4 Nc3 dxc4} (6. b3 Bg4 7. a4 bxc4 8. bxc4 Nbd7 9. a5 e5 10. Be2 Bxf3 11. Bxf3 Bb4 12. Bd2 O-O 13. O-O dxc4 14. Qe2 exd4 15. exd4 Bxa5 16. Qxc4 {1-0 (44) Ding,L (2759)-Svidler,P (2741) Shenzhen 2017}) 6... g6 7. Ne5 Bg7 8. f4 O-O 9. Be2 Nfd7 10. Nd3 {LiveBook: 7 Games} a5 11. O-O Na6 12. Bd2 Nc7 13. b4 a4 {[#]} 14. g4 $146 f6 15. f5 e5 16. fxe6 Nxe6 17. Bf3 f5 18. gxf5 Rxf5 19. Bg2 Rxf1+ 20. Qxf1 Nf6 21. Ne5 Qe8 22. Be1 {[%cal Bd2e1,Be1h4,Bh4f6][%mdl 32]} Ng5 23. Bh4 Nge4 24. Nxe4 Nxe4 25. Bxe4 dxe4 26. Bf6 Bh6 27. Re1 Bf5 28. Qf2 Qe6 (28... a3 $17) 29. Qh4 $11 Bg7 (29... Bf8 $1 $11) 30. Bxg7 $14 Kxg7 31. Re2 (31. a3 $1 $14) 31... Rf8 $11 32. Rf2 Rc8 ({Better is} 32... a3 $1 $11) 33. Qg5 $14 Rf8 34. h4 $36 {[%mdl 2048] White has good play.} h6 35. Qf4 h5 36. Kh2 Kh7 37. Qg5 Kg7 38. Rg2 {Black must now prevent Qxh5.} Kh7 39. Qf4 (39. Kg1 $14) 39... Kg7 (39... Rf6 $1 $11) 40. Qg3 Kh6 41. Qe1 ({White should play} 41. a3 $14) 41... Kh7 (41... Bg4 $11) 42. Qg3 Kh6 $1 43. Rd2 Kh7 (43... Bg4 $5) 44. Rf2 Kh6 45. Qg5+ Kg7 $1 46. Kg1 Kh7 47. Qf4 (47. a3 $14) 47... Re8 (47... Kg7 $1 $11) 48. Kf1 (48. Rg2 $14) 48... Rf8 $11 {Threatens to win with ...Bh3+.} 49. Ke1 Re8 50. Kd1 Rf8 51. Kc1 Re8 52. Kb2 Rf8 (52... a3+ $1 $11 53. Kc1 Rd8) 53. Kc3 (53. Rd2 $16) 53... Re8 54. Qg5 Rf8 55. Kb2 Kg7 (55... a3+ $5 56. Ka1 Kg7 $16) 56. Rd2 Kh7 (56... Bh3 $11) 57. Qg3 (57. Qf4 $1 $16) 57... Re8 (57... Bg4 $11 {keeps the balance.}) 58. Kc3 (58. Ka3 $16) 58... Rd8 59. Rf2 Re8 {[#]} (59... a3 $11) 60. Qf4 (60. Kb2 $1 $16) 60... Rd8 61. Rg2 Re8 {[#]} (61... a3 $11 {remains equal.}) 62. Qf2 ({White should try} 62. Kb2 $1 $16) 62... Rd8 63. Qc2 Rf8 64. Rf2 Rd8 65. Rg2 (65. Kb2 $16) 65... Rf8 {The position is equal.} 66. Qf2 Rd8 67. Rg5 Rf8 (67... Rd5 $5 {[%cal Rd5e5]} 68. Kb2 Rxe5 69. dxe5 Qxe5+ 70. Kb1 a3 $11) 68. Rxg6 Bxg6 69. Qxf8 {Qd6 is the strong threat.} Qxa2 70. Qe7+ Kg8 71. Qg5 ({Reject} 71. Nxg6 Qb3+ 72. Kd2 Qd3+ 73. Ke1 Qxe3+ 74. Kf1 Qf3+ 75. Kg1 Qg3+ 76. Kh1 Qh3+ 77. Kg1 Qg4+ 78. Kh2 Qxg6 $17) 71... Qb3+ 72. Kd2 Qb2+ $1 ({Don't go for} 72... Qxb4+ $2 73. Ke2 $18) 73. Kd1 Qb1+ 74. Kd2 Qb2+ $1 ({Don't take} 74... Qxb4+ $2 75. Ke2 $18) 75. Kd1 {Precision: White = 42%, Black = 63%.} 1/2-1/2